000 00623nam a2200253Ia 4500
005 20260121154928.0
008 008 260114s9999 xx 000 0 eng d
020 _a9781003142355
037 _aEBOOK
040 _aCRL
040 _beng
040 _cCRL
041 _2eng
041 _aeng
084 _qCRL
100 _a Mark Lawrence
_91013231
245 0 _aExperiences of War in Europe and the Americas, 1792?1815
260 _bTaylor and Francis
260 _c2021
856 _uhttp://www.taylorfrancis.com/books/9781003142355
942 _cEBOOK
999 _c1580050
_d1580050